| 000 | 01031nam a22002777a 4500 | ||
|---|---|---|---|
| 001 | 5367 | ||
| 003 | FISKH | ||
| 005 | 20241212092059.0 | ||
| 008 | 241128b cb ||||| |||| 00| 0 eng d | ||
| 020 | _a0590062050 | ||
| 040 |
_aFISKH _beng _cFISKH _dFISKH |
||
| 050 | _aLC5152.C2 | ||
| 082 | _a371.96 | ||
| 100 | _aStanley, Jerry | ||
| 245 |
_aChildren of the dust bowl : _bThe true story of the school at Weedpatch camp / _cby Jerry Stanley : illustrated with photographs |
||
| 260 |
_aNew York : _bScholastic ; _c1992 . |
||
| 300 |
_a85 pages : _billustrations , maps ; _c24 cm . |
||
| 505 | _aZ | ||
| 520 | _aDescribes the plight of the migrant workers who traveled from the Dust Bowl to California during the Depression and were forced to live in a federal labor camp and discusses the school that was built for their children. | ||
| 521 | 8 |
_a1120
_bLexile |
|
| 521 | 8 |
_aZ
_bRaz-Plus |
|
| 650 |
_aDust Bowl _vNon-fiction |
||
| 650 |
_aeducation _vNon-fiction |
||
| 942 |
_2ddc _cBK _n0 |
||
| 999 |
_c5367 _d5367 |
||